| 000 | 00671nam a2200205 i 4500 | ||
|---|---|---|---|
| 001 | 34580 | ||
| 003 | ES-MaACL | ||
| 007 | t| | ||
| 008 | 030207s1974 sp ||||1| spa d | ||
| 020 | _a84-335-6352-1 | ||
| 100 | 1 |
_aBlume, Johannes. _929589 |
|
| 245 | 1 | 0 |
_aMétodos estadísticos para ingenieros / _cJohannes Blume ; traducción, Günter Wagner Keuerleber. |
| 260 |
_aBarcelona : _bLabor, _c1974. |
||
| 300 |
_aXV, 138 p. ; _c20 cm. |
||
| 490 | 1 |
_aNuevos manuales técnicos Labor ; _v32 |
|
| 700 | 1 |
_aWagner Keuerleber, Günter. _9115858 |
|
| 830 | 0 |
_aNuevos manuales técnicos Labor ; _v32 _9181525 |
|
| 852 |
_aES-MaACL _jL-9995 _bR.112144 |
||
| 999 |
_c34580 _d34580 |
||